000 00633nam a2200169 i 4500
001 163777
003 ES-MaACL
005 20250822051114.0
008 050718q1916 sp | |||||||| ||spa d
100 1 _aRodríguez García, Gerardo.
_998539
245 1 0 _aMetodología didáctica para la lectura :
_bestudio pedagógico en relación con los libros del alumno titulados "Para aprender a leer" /
_cGerardo Rodríguez García.
260 _aBurgos :
_bHijos de Santiago Rodríguez,
_c[1916?]
300 _a308 p. ;
_c21cm.
650 4 _aLectura-
_xEstudio y enseñanza
_914062
852 4 _aES-MaACL
_jA-1844
999 _c163777
_d163777